Breeding poplars for disease resistance. (Record no. 14902)

000 -LEADER
fixed length control field 00733cam a2200181 a 4500
020 ## - INTERNATIONAL STANDARD BOOK NUMBER
ISBN 9251022143
040 ## - CATALOGING SOURCE
Transcribing agency CtY
082 ## - DEWEY DECIMAL CLASSIFICATION NUMBER
Classification number 634 FOO 1985 A053 Or.
100 1# - MAIN ENTRY--AUTHOR NAME
Personal name Thielges, Bart A.
245 10 - TITLE STATEMENT
Title Breeding poplars for disease resistance.
260 0# - PUBLICATION, DISTRIBUTION, ETC. (IMPRINT)
Place of publication Rome :
Name of publisher Food and Agriculture Organization of the United Nations,
Year of publication 1985.
300 ## - PHYSICAL DESCRIPTION
Number of Pages vi, 66 p. :
Other physical details ill. ;
Dimensions 30 cm.
500 ## - GENERAL NOTE
General note "This paper, prepared ... by Professor B.A. Thielges ... was presented as a background paper to the ad hoc Committee on Poplar Breeding during the 17th Session of the IPC at Ottawa, Canada, in October 1984"--P. iii.
650 #0 - SUBJECT ADDED ENTRY--TOPICAL TERM
Topical Term Poplar
650 #0 - SUBJECT ADDED ENTRY--TOPICAL TERM
Topical Term Poplar
710 2# - ADDED ENTRY--CORPORATE NAME
Corporate name or jurisdiction name as entry element Food and Agriculture Organization of the United Nations.
942 ## - ADDED ENTRY ELEMENTS (KOHA)
Koha item type សៀវភៅភាសាអង់គ្លេស
952 ## - LOCATION AND ITEM INFORMATION (KOHA)
Withdrawn status [LOCAL, KOHA] 0
Holdings
Permanent Location Date acquired Koha item type Lost status Shelving location Barcode Current Location Full call number
Library Block A2017-10-31សៀវភៅភាសាអង់គ្លេស A053A20680Library Block A634 FOO 1985 A053 Or.
មជ្ឈមណ្ឌលឯការនៃសាកលវិទ្យាល័យភូមិន្ទកសិកម្មចំការដូង

Powered by Koha